Harry Potter: Chapters in Order - Book 7 Quiz Stats

 Plays Quiz Updated Feb 25, 2020

Support Sporcle.
Go Orange.
Score 0/37 Timer 05:00
0 Plays Today
% Correct
???
93.1%
???
71.7%
???
70.2%
???
68.4%
???
62.5%
???
56.4%
???
52.8%
???
52.5%
???
51.4%
???
48.2%
???
40%
???
38.3%
???
37.6%
???
32.4%
???
27.2%
???
26.6%
???
25.9%
???
24%
???
23.3%
% Correct
???
22.7%
???
22.1%
???
20.5%
???
19.9%
???
18.4%
???
16.8%
???
16.7%
???
16.3%
???
14.6%
???
13.9%
???
12.2%
???
12.2%
???
11.8%
???
11.6%
???
11.5%
???
11.5%
???
11.4%
???
9.7%

From the Vault

Simpsons Olympics Match

by Pushcake

If watching Simpsons reruns for 20-straight hours were an Olympic event, we'd have a shot at winning a medal.
Remove Ads.
Support Sporcle.
Get the best of Sporcle when you Go Orange. This ad-free experience offers more features, more stats, and more fun while also helping to support Sporcle. Thank you for becoming a member.

Show Comments

Extras

Top Quizzes Today


Score Distribution

Your Account Isn't Verified!

In order to create a playlist on Sporcle, you need to verify the email address you used during registration. Go to your Sporcle Settings to finish the process.

Report this User

Report this user for behavior that violates our Community Guidelines.

Details: